MARC

LEADER 00000nam0a2200000 4500
001 90047
005 20231031103316.0
035 |a (RuTPU)RU\TPU\book\96582 
090 |a 90047 
100 |a 20060203d1987 km y0rusy50 ca 
101 0 |a rus 
102 |a UA 
105 |a a z 001zy 
200 1 |a Синтез алмазов  |f Н. В. Новиков [и др.]  |g Академия наук Украинской ССР; Институт сверхтвердых материалов 
210 |a Киев  |c Наукова думка  |d 1987 
215 |a 159 с.  |c ил. 
320 |a Библиогр.: с. 151-159. 
610 1 |a сверхтвердые материалы 
610 1 |a алмазы 
610 1 |a синтез 
610 1 |a рост 
610 1 |a спекание 
610 1 |a алмазные порошки 
675 |a 621.921.34  |v 3 
701 1 |a Новиков  |b Н. В.  |g Николай Васильевич 
701 1 |a Федосеев  |b Д. В.  |g Дмитрий Валерьянович 
701 1 |a Шульженко  |b А. А.  |g Александр Александрович 
701 1 |a Богатырёва  |b Г. П.  |g Галина Павловна 
712 0 2 |a Академия наук Украинской ССР (АН УССР)  |b Институт сверхтвердых материалов (ИСМ)  |c (Киев)  |2 stltpush  |3 (RuTPU)RU\TPU\col\2641 
801 1 |a RU  |b 63413507  |c 20060203  |g PSBO 
801 2 |a RU  |b 63413507  |c 20080811  |g PSBO 
942 |c BK